A textbook of dental homoeopathy : (Record no. 5034)

MARC details
000 -LEADER
fixed length control field 00646nam a22001937a 4500
003 - CONTROL NUMBER IDENTIFIER
control field OSt
005 - DATE AND TIME OF LATEST TRANSACTION
control field 20160818144315.0
008 - FIXED-LENGTH DATA ELEMENTS--GENERAL INFORMATION
fixed length control field 160818b xxu||||| |||| 00| 0 eng d
020 ## - INTERNATIONAL STANDARD BOOK NUMBER
International Standard Book Number 0852072813
040 ## - CATALOGING SOURCE
Transcribing agency 040a
082 ## - DEWEY DECIMAL CLASSIFICATION NUMBER
Classification number WB 930
Item number L563a 2000
100 ## - MAIN ENTRY--PERSONAL NAME
Personal name Lessell, Colin B.
9 (RLIN) 10776
245 ## - TITLE STATEMENT
Title A textbook of dental homoeopathy :
Remainder of title for dental surgeons, homoeopathists and general medical practitioners/
Statement of responsibility, etc. Colin B. Lessell
260 ## - PUBLICATION, DISTRIBUTION, ETC. (IMPRINT)
Place of publication, distribution, etc. Essex
Name of publisher, distributor, etc. C. W Daniel company limited
Date of publication, distribution, etc. 2000
300 ## - PHYSICAL DESCRIPTION
Extent iii, 212p;
Other physical details ill :
Dimensions 12 cm.
504 ## - BIBLIOGRAPHY, ETC. NOTE
Bibliography, etc Includes bibliographical references and index
650 ## - SUBJECT ADDED ENTRY--TOPICAL TERM
Topical term or geographic name as entry element Dental homoeopathy
9 (RLIN) 10777
942 ## - ADDED ENTRY ELEMENTS (KOHA)
Source of classification or shelving scheme Other/Generic Classification Scheme
Koha item type Open Shelf
Holdings
Withdrawn status Lost status Source of classification or shelving scheme Damaged status Not for loan Home library Current library Date acquired Source of acquisition Inventory number Total Checkouts Full call number Barcode Date last seen Price effective from Koha item type
    Other/Generic Classification Scheme     MUST Main Library MUST Main Library 18/08/2016   2007/ 29075   WB 930 L563a 2000 2016-3727 18/08/2016 18/08/2016 Open Shelf